Statistics for 4 Letter Word Chain

Click here to take the quiz!

General Stats

  • This quiz has been taken 101 times
  • The average score is 17 of 22

Answer Stats

HintAnswer% Correct
A planetMars
96%
A flying animalBird
91%
Not lightDark
91%
Part of an eggYolk
91%
A metalIron
89%
An action often in soccerKick
89%
A traditional Mexican dishTaco
88%
Being deprived of any sensationsNumb
85%
A fruit and an animalKiwi
84%
A fruitPear
84%
Where agriculture is grownFarm
83%
An outgrowth on the head of animalsHorn
80%
An elementNeon
78%
A countryLaos
75%
A large quantity of paperReam
75%
An electronics companySony
74%
To not give upKeep
72%
A barrierWall
72%
Part of the bodyNeck
71%
WeatherSnow
64%
A promise or fact usually regarding ones futureOath
60%
The suspension of small droplets of waterMist
57%

Score Distribution

Percentile by Number Answered

Percent of People with Each Score

Your Score History

You have not taken this quiz